000 00450nam a2200181Ia 4500
001 20712
005 20260306172826.0
008 260306t2011||||xx |||||||||||||| ||spa||
041 _aESP
082 _a343.7
_bG312
100 _aCéspedes Zavaleta , Adolfo
_eAUT
245 0 _aLa prueba en el procedimiento administrativo
260 _c2011
300 _a199 páginas :
_c24 cm.
650 _aGEN
654 _aCDE
942 _cLIB
_dJUS
_fJUS
_2ddc
_n
999 _c20712
_d20712